| 000 | 00433cam a2200157 a 4500 | ||
|---|---|---|---|
| 020 | _a0534250149 (acidfree paper) | ||
| 040 | _cDLC | ||
| 082 | 0 | 0 | _a150 BRO 1996 A001 Or. |
| 100 | 1 | _aKalat, James W. | |
| 245 | 1 | 0 | _aIntroduction to psychology / |
| 250 | _a4th ed. | ||
| 260 |
_aPacific Grove : _bBrooks/Cole Publ., _cc1996. |
||
| 300 |
_a1 v. (various pagings) : _bill. (some col.) ; _c29 cm. |
||
| 650 | 0 | _aPsychology | |
| 942 | _cEK | ||
| 999 |
_c11944 _d11944 |
||